Follow That Line: The Lord's Prayer Quiz Stats

 Plays Quiz Updated Nov 8, 2017

Challenge
Share
Tweet
Embed
Score 0/7 Timer 00:30
0 Plays Today
% Correct
who art in heaven
95.1%
our daily bread
89.7%
now and forever
88.6%
thy kingdom come
88.5%
on earth as it is in heaven
88.4%
as we forgive those who trespass against us
87.4%
but deliver us from evil
87.1%

You're not logged in!

Compare scores with friends on all Sporcle quizzes.
Join for Free
OR
Log In

You Might Also Like...

Show Comments

Extras

Top Quizzes Today


Score Distribution

Your Account Isn't Verified!

In order to create a playlist on Sporcle, you need to verify the email address you used during registration. Go to your Sporcle Settings to finish the process.

Report this User

Report this user for behavior that violates our Community Guidelines.

Details: